| 000 | 00692cam a2200205 4500 | ||
|---|---|---|---|
| 001 | WB3602-10 | ||
| 008 | 000000n2000 000 0 eng u | ||
| 035 | _a(Sirsi) u103572 | ||
| 245 | _aRegional planning summit | ||
| 260 | _c2000 | ||
| 490 |
_aFinancial Times _v 13 January 2000, 2(1) |
||
| 520 | _aGovernment is holding a 'summit' meeting between RDA chairmen and ministers from four departments in a bid to launch the debate on a new phase of regional policy. | ||
| 590 | _aWB | ||
| 650 | _aREGIONAL DEVELOPMENT AGENCIES | ||
| 650 | _aREGIONAL POLICY | ||
| 650 | _aNORTH-SOUTH DIVIDE | ||
| 650 | _aREGIONAL DEVELOPMENT | ||
| 690 | _aPROPERTY-PROPERTY DEVELOPMENT | ||
| 942 | _n0 | ||
| 999 |
_c62210 _d62210 |
||